Les Guy célèbres - Statistiques

Statistiques générales
  • Ce quiz a été pris 152 fois
  • Le résultat moyen est 6 sur 15
Statistiques - réponses
Par images Hint Réponse % Correct
Guy Roux
82%
Guy de Maupassant
77%
Guy Bedos
74%
Guy Carlier
59%
Guy Marchand
52%
Guy Forget
47%
Guy Béart
44%
Guy Montagné
32%
Guy Moquet
18%
Guy Savoy
18%
Guy Grosso
13%
Guy Lecluyse
13%
Guy Williams
10%
Guy Mollet
7%
Guy Pearce
7%
Aucun quiz correspondant
Distribution des résultats
% des personnes avec chaque résultat
Percentile par nombre de réponses
Votre historique - résultats
Vous n’avez pas pris ce quiz